| 000 | 00953nam a2200253 a 4500 | ||
|---|---|---|---|
| 001 | 22030 | ||
| 003 | UkOxU | ||
| 005 | 20211209000746.0 | ||
| 008 | 140306r19641957enkh 001 0 eng d | ||
| 035 | _a(BD-RjUL)22095 | ||
| 040 |
_aBD-RjUL _beng _cBD-RjUL |
||
| 041 | _aeng | ||
| 082 |
_a808.042 _bSWP 1964 |
||
| 100 | 1 |
_aSwift, Jonathan, _d1667-1745. _968035 |
|
| 245 | 1 | 2 |
_aA proposal for correcting the English tongue : _bpolite conversation, etc. / _cJonathan Swift ; edited by Herbert Davis with Louis Landa |
| 260 |
_aOxford : _bBlackwell, _cc1957 [Reprinted 1964]. |
||
| 300 |
_axl, 309 p. : _bfacsims. ; _c20 cm |
||
| 500 | _aFirst published 1957 by B. Blackwell as v. 4 of the Prose writings of Jonathan Swift | ||
| 504 | _aIIncludes bibliographical references and index. | ||
| 650 | 0 |
_aEnglish language _vRhetoric. _968036 |
|
| 700 | 1 |
_aDavis, Herbert John, _d1893-1967. _960590 |
|
| 700 | 1 |
_aLanda, Louis A., _d1901- _959616 |
|
| 942 |
_2ddc _cBK |
||
| 999 |
_c22030 _d22030 |
||